000
00283as aa2200097a 44500
090
_a
SERIADAS
_b
01087
245
1
0
_a
Doriana: Annali del Museo Cívico di Storia Naturale "G. Doria"
260
_b
Museo Cívico di Storia Naturale "G. Doria"
_a
Italia
041
0
_a
Inglés
942
_c
REVISTA
999
_c
16857
_d
16857